000 00322nam a2200109Ia 4500
008 171211s9999 xx 000 0 und d
245 _aNo Closure: Catholic Practice and Boston's Parish Shutdowns
245 _cJohn C. Seitz
260 _c2011
650 _xRELIGION
856 _uhttp://down.ebook777.com/064/0674053028.pdf
999 _c350545
_d350545